000 00548nam a2200193Ia 4500
003 GCL
008 140319s9999 xx 000 0 ara d
020 _a8145241977
040 _aGCL /
_cGCL
082 0 4 _a813
_bا م
100 1 _aايهاب سلام
245 1 0 _aالميراث :
_bرواية /
_cايهاب سلام
250 _aالاولى
260 _aالقاهرة :
_bمكتبة الاداب ،
_c1995
300 _a151 ص ؛
_c18 سم
650 0 4 _aالادب العربى
650 0 4 _aالقصص العربية
942 _2ddc
_cBK
999 _c143
_d143